• 首页
  • 本馆介绍
  • 公告通知
  • 最新文献
  • 馆藏检索
  • 电子资源
  • 读者导购
  • 参考咨询
  • 我的图书馆
  • 登录
  • 详细信息显示
  • 放入我的书架
  • 预约/预借图书
  • 作者相关作品
  • 分类相关作品
  • 丛书相关作品
  • 出版社相关作品

书目信息

  • 表格格式
  • 工作单格式
  • 卡片格式
题名:
油锯与伐木
    
 
作者: 马龙滨 , 王德惠 编著
分册:  
出版信息: 北京   农业出版社  1979
页数: 317页
开本: 19cm
丛书名: 农业机械化丛书
单 册:
中图分类: S782.1
科图分类:
主题词: 木材彩采运 , 森林资源--利用
电子资源:
ISBN:
000 00738nam2 2200289 45
001 0179004616
005 20040910084110.7
010    @dCNY0.81
091    @a15411.491
100    @a19950802d1979 em y0chiy0121 ea
101 0  @achi
102    @aCN@b110000
105    @ay z 000yy
106    @ar
200 10 @a油锯与伐木@Ayou ju yu fa mu@f马龙滨,王德惠编著
205    @a2版@b修订本
210    @a北京@c农业出版社@d1979
215    @a317页@d19cm
225 2  @a农业机械化丛书
410  0 @120010@a农业机械化丛书
606 0  @a木材彩采运
606 0  @a森林资源@x利用
690    @aS782.1
701  0 @a马龙滨@Ama long bin@4编著
701  0 @a王德惠@Awang de hui@4编著
801  0 @aCN@bNLC@c20040910
905    @f1@b11010@dS782.1@e1
    
    油锯与伐木/马龙滨,王德惠编著.-2版,修订本.-北京:农业出版社,1979
    317页;19cm.-(农业机械化丛书)
    
    
    ISBN :CNY0.81
    
●
相关链接 在E读中查询图书 在五车中查询图书 在当当中查询图书 在豆瓣中查询图书


正题名:油锯与伐木     索取号:S782.1/1         预约/预借

序号 登录号 条形码 馆藏地/架位号 状态 备注
1 0011009   000717665   第二样本阅览室/ [索取号:S782.1/1] 在馆    
2 0011010   001951310   密集书库/ [索取号:S782.1/1] 在馆    
唐山师范学院图书馆 欢迎您!
大连网信软件有限公司© 版权所有